[Event "Xtracon Chess Open 2016"]
[Site "Elsinore"]
[Date "2016.07.25"]
[Round "4.188"]
[White "Jacobsen, Harald Kittel Lytom"]
[Black "Vinther, Christoffer"]
[Result "0-1"]
[WhiteElo "1343"]
[BlackElo "1509"]
[PlyCount "50"]
[EventDate "2016.07.23"]

1. e4 c5 2. Nc3 Nc6 3. Nf3 d6 4. d4 Bg4 5. Be2 Bxf3 6. Bxf3 Nxd4 7. Bg4 Nf6 8.
Bh3 e5 9. Qd3 a6 10. Bg5 Be7 11. Bxf6 Bxf6 12. Nd5 O-O 13. Bf5 g6 14. Nxf6+
Qxf6 15. Bd7 Rad8 16. Qh3 Nxc2+ 17. Kf1 Nxa1 18. g3 Nc2 19. Qg4 Ne3+ 20. Kg1
Nxg4 21. Bxg4 d5 22. exd5 Rxd5 23. Bf3 Qxf3 24. h3 Rd1+ 25. Kh2 Rxh1# 0-1

[Event "Xtracon Chess Open 2016"]
[Site "Elsinore"]
[Date "2016.07.25"]
[Round "4.189"]
[White "Kreken, Eivind Grunt"]
[Black "Cithu, Arun Vijay"]
[Result "0-1"]
[WhiteElo "1245"]
[BlackElo "1501"]
[PlyCount "145"]
[EventDate "2016.07.23"]

1. c4 e6 2. Nc3 Nf6 3. g3 d5 4. cxd5 exd5 5. Nf3 c6 6. e3 Bd6 7. Bg2 Bf5 8. d3
O-O 9. O-O Nbd7 10. h3 Nc5 11. d4 Nce4 12. Ne2 Re8 13. Kh2 Qc7 14. Nf4 h6 15.
Nd3 Nd7 16. Nfe5 Nxe5 17. dxe5 Bxe5 18. Nxe5 Qxe5 19. Qb3 Qe7 20. Kg1 a5 21. a4
Nc5 22. Qc3 Ne4 23. Qd4 Qc7 24. b3 Qe5 25. Qxe5 Rxe5 26. Bb2 Ree8 27. Rfd1 Nc5
28. g4 Bg6 29. Ra3 b6 30. Rd4 Bc2 31. b4 axb4 32. Rxb4 Nxa4 33. Bc1 c5 34. Rf4
g5 35. Rf6 Kg7 36. Rd6 Be4 37. f3 Bd3 38. Rxd3 d4 39. e4 Nc3 40. Bb2 Na4 41.
Bc1 b5 42. Rc6 Reb8 43. Rb3 c4 44. Rb4 d3 45. Bd2 c3 46. Bxc3+ Nxc3 47. Rxc3
Ra1+ 48. Kf2 d2 49. Rd3 d1=Q 50. Rxd1 Rxd1 51. Bf1 Rc1 52. Rxb5 Rxb5 53. Bxb5
Rc3 54. Kg3 f6 55. Be8 Rc2 56. Bh5 Kf8 57. Bg6 Rc3 58. Bf5 Ke7 59. e5 fxe5 60.
Be4 Kf6 61. Bf5 Rb3 62. Be4 Rb8 63. Bf5 Rh8 64. Be4 h5 65. Bf5 h4+ 66. Kg2 Rd8
67. Be4 Rd2+ 68. Kg1 Ke6 69. Kh1 Kd6 70. Kg1 Kc5 71. Kh1 Kd4 72. Kg1 Ke3 73.
Kh1 0-1

[Event "Xtracon Chess Open 2016"]
[Site "Elsinore"]
[Date "2016.07.25"]
[Round "4.190"]
[White "Huse, Arne Kjelsbol"]
[Black "Jensen, Jonbert"]
[Result "1/2-1/2"]
[WhiteElo "1163"]
[BlackElo "1492"]
[PlyCount "58"]
[EventDate "2016.07.23"]

1. e4 d6 2. d4 Nf6 3. Nc3 g6 4. Nf3 Bg7 5. Bc4 O-O 6. Bg5 Nc6 7. Qc1 Qe8 8. Bh6
e5 9. Nd5 Nxd5 10. Bxd5 Be6 11. Bxc6 Qxc6 12. Bxg7 Qxe4+ 13. Kf1 Kxg7 14. dxe5
Bc4+ 15. Kg1 dxe5 16. h4 Rad8 17. h5 Qf4 18. Qe1 Rfe8 19. hxg6 fxg6 20. Qc3 c6
21. Re1 h6 22. Nxe5 Qf6 23. Rxh6 Rxe5 24. Rxe5 Rd1+ 25. Kh2 Qf4+ 26. g3 Qxf2+
27. Kh3 Kxh6 28. Qxc4 Qf6 29. Qe2 Qf8 1/2-1/2

[Event "Xtracon Chess Open 2016"]
[Site "Elsinore"]
[Date "2016.07.25"]
[Round "4.191"]
[White "Sidali, Elias Hulleberg"]
[Black "Svane, Freja"]
[Result "0-1"]
[WhiteElo "1491"]
[BlackElo "1302"]
[PlyCount "96"]
[EventDate "2016.07.23"]

1. e4 e6 2. d4 d5 3. exd5 exd5 4. Bd3 Bd6 5. Nf3 Nf6 6. O-O O-O 7. Bg5 Bg4 8.
Nbd2 c6 9. h3 Bh5 10. c3 Nbd7 11. Qc2 h6 12. Bh4 Re8 13. g4 Bg6 14. Bxg6 fxg6
15. Qxg6 Bf4 16. Qd3 Qc7 17. Kg2 Ne4 18. Nxe4 dxe4 19. Qc4+ Kh8 20. Ng1 e3 21.
Ne2 Nb6 22. Qd3 Nd5 23. c4 Nb6 24. Bg3 Bxg3 25. Nxg3 Qf4 26. fxe3 Rxe3 27. Rxf4
Rxd3 28. c5 Nd5 29. Rf7 Rd2+ 30. Rf2 Nf4+ 31. Kf3 Rxf2+ 32. Kxf2 Nxh3+ 33. Kg2
Nf4+ 34. Kh2 Ne6 35. Rd1 Rd8 36. Ne2 Nxc5 37. Rf1 Ne4 38. Rf4 Nf6 39. Nc3 Kg8
40. Na4 Re8 41. Nc3 Rf8 42. Kg3 g5 43. Rf5 Nh5+ 44. Kf3 Rxf5+ 45. gxf5 Ng7 46.
Kg4 Kf7 47. Ne4 Ne8 48. b3 Nf6+ 0-1

[Event "Xtracon Chess Open 2016"]
[Site "Elsinore"]
[Date "2016.07.25"]
[Round "4.192"]
[White "Amarapala, Anton"]
[Black "Christoffersen, Micki Aron"]
[Result "1-0"]
[WhiteElo "1487"]
[BlackElo "1263"]
[PlyCount "177"]
[EventDate "2016.07.23"]

1. d4 d5 2. Nf3 Nc6 3. Bf4 Nf6 4. h3 e6 5. e3 Bd6 6. Bh2 O-O 7. Bd3 Re8 8. c4
Bxh2 9. Nxh2 Bd7 10. O-O Na5 11. Nd2 Ne4 12. Rc1 Nxd2 13. Qxd2 dxc4 14. Bxh7+
Kxh7 15. Qxa5 b6 16. Qh5+ Kg8 17. Rc3 a6 18. Rfc1 b5 19. Qd1 Bc6 20. Nf3 Qe7
21. Ne5 Bb7 22. Qg4 f6 23. Ng6 Qd7 24. Qh5 Qd5 25. Nf4 Qxh5 26. Nxh5 Kf7 27.
Kh2 Rh8 28. Nf4 g5 29. Ne2 Rh7 30. f3 f5 31. Rg1 Rg8 32. b3 Bd5 33. bxc4 Bxc4
34. Nc1 g4 35. Nd3 Bxd3 36. Rxd3 gxh3 37. g3 Ke7 38. Rc3 Kd7 39. f4 Kc8 40. Rc6
Kb7 41. Rxe6 Rf8 42. Rc1 Kb8 43. Rcc6 Rg8 44. Rh6 Rxh6 45. Rxh6 Kb7 46. Rf6 Re8
47. Rxf5 Rxe3 48. g4 Re2+ 49. Kxh3 Rxa2 50. g5 b4 51. g6 Ra1 52. Rc5 b3 53. g7
Rg1 54. Rg5 Rxg5 55. fxg5 b2 56. g8=Q b1=Q 57. Qd5+ c6 58. Qd7+ Kb6 59. Qd6
Qh1+ 60. Kg4 Qg1+ 61. Kf5 Qf2+ 62. Qf4 Qa2 63. g6 a5 64. g7 Qf7+ 65. Ke4 Qxg7
66. Qd6 Qg2+ 67. Kd3 Qf3+ 68. Kd2 Qf2+ 69. Kc3 Qe1+ 70. Kd3 Qc1 71. Qd8+ Kb5
72. Qb8+ Ka4 73. Qb6 Qa3+ 74. Ke4 Qd6 75. Kd3 Qd5 76. Kc3 Qb5 77. Qa7 Qb4+ 78.
Kd3 Kb3 79. Qf7+ Kb2 80. Qf2+ Ka1 81. Qf1+ Ka2 82. Qe2+ Qb2 83. Qe7 a4 84. Qc7
Qb3+ 85. Ke4 Qc4 86. Qh2+ Kb3 87. Qb8+ Qb4 88. Qg3+ Kc4 89. Qd3# 1-0

[Event "Xtracon Chess Open 2016"]
[Site "Elsinore"]
[Date "2016.07.25"]
[Round "4.193"]
[White "Jensen, Hans Askov"]
[Black "Schjolin, John"]
[Result "1-0"]
[WhiteElo "1469"]
[BlackElo "1201"]
[PlyCount "79"]
[EventDate "2016.07.23"]

1. e4 e5 2. Nf3 Nc6 3. Bb5 Bc5 4. c3 Nf6 5. d4 exd4 6. cxd4 Bb6 7. Bg5 h6 8.
Bh4 g5 9. Bg3 Nxe4 10. Qe2 d5 11. Ne5 Ba5+ 12. Nc3 Qe7 13. Bxc6+ bxc6 14. Nxc6
Bxc3+ 15. bxc3 Qe6 16. Ne5 O-O 17. Qe3 Ba6 18. h4 g4 19. Bf4 Rfb8 20. f3 Rb2
21. fxe4 Re2+ 22. Qxe2 Bxe2 23. Kxe2 dxe4 24. Rhb1 Qa6+ 25. Ke1 Qf6 26. g3 Rd8
27. Nxg4 Qa6 28. Nxh6+ Kg7 29. Nf5+ Kg6 30. Ne7+ Kh5 31. Nf5 Qd3 32. Rb3 Qf3
33. Rab1 Kg4 34. Ne3+ Kh3 35. d5 Rg8 36. c4 Rxg3 37. Nf1 Kg2 38. R1b2+ Kg1 39.
Rxf3 Rxf3 40. Be3+ 1-0

[Event "Xtracon Chess Open 2016"]
[Site "Elsinore"]
[Date "2016.07.25"]
[Round "4.194"]
[White "Opseth, Erik"]
[Black "Edwardsson, Hannu Kalervo"]
[Result "0-1"]
[WhiteElo "1064"]
[BlackElo "1451"]
[PlyCount "72"]
[EventDate "2016.07.23"]

1. d4 d5 2. c4 c6 3. Nf3 Nf6 4. Nc3 e6 5. e3 Be7 6. c5 O-O 7. Bd3 h6 8. O-O b6
9. Bd2 Ba6 10. Ne5 Bxd3 11. Nxd3 Nbd7 12. Re1 Ne4 13. Nxe4 dxe4 14. Nf4 Bg5 15.
Qc2 Bxf4 16. exf4 f5 17. Re3 Nf6 18. f3 Qxd4 19. Rc1 Nd5 20. cxb6 Nxe3 21. Bxe3
Qxe3+ 22. Kh1 Qxb6 23. g4 exf3 24. Qc3 fxg4 25. Rg1 Rxf4 26. h3 f2 27. Rf1 Rf3
28. Qc4 Re8 29. Qxg4 Qe3 30. Kg2 Rf4 31. Qh5 Ref8 32. Qg6 R4f6 33. Qh5 Qg5+ 34.
Qg4 Qxg4+ 35. hxg4 e5 36. Rxf2 Rxf2+ 0-1

[Event "Xtracon Chess Open 2016"]
[Site "Elsinore"]
[Date "2016.07.25"]
[Round "4.195"]
[White "Hein, Jacob"]
[Black "Huse, Lars Paul"]
[Result "1-0"]
[WhiteElo "1447"]
[BlackElo "1121"]
[PlyCount "55"]
[EventDate "2016.07.23"]

1. Nc3 e6 2. Nf3 Nc6 3. d4 d5 4. a3 h6 5. e4 dxe4 6. Nxe4 Be7 7. Be3 Nf6 8.
Nxf6+ Bxf6 9. c3 O-O 10. Bd3 e5 11. h4 exd4 12. cxd4 Nxd4 13. Ng5 Nf5 14. Qb3
Nxe3 15. fxe3 Bxg5 16. hxg5 Qxg5 17. O-O-O Qxe3+ 18. Kb1 b6 19. Bh7+ Kxh7 20.
Qxe3 Bf5+ 21. Ka1 Rae8 22. Qf4 Bg6 23. Qxc7 Re2 24. g4 Rfe8 25. g5 Rg2 26. gxh6
Ree2 27. hxg7+ Kxg7 28. Qc3+ 1-0

[Event "Xtracon Chess Open 2016"]
[Site "Elsinore"]
[Date "2016.07.26"]
[Round "5.1"]
[White "Burmakin, Vladimir"]
[Black "Vovk, Andriy"]
[Result "1/2-1/2"]
[WhiteElo "2549"]
[BlackElo "2637"]
[PlyCount "84"]
[EventDate "2016.07.23"]

1. Nf3 Nf6 2. d4 g6 3. Bf4 Bg7 4. e3 d6 5. Be2 O-O 6. O-O c5 7. c3 Nh5 8. Bg5
h6 9. Bh4 cxd4 10. cxd4 g5 11. Bg3 Qb6 12. Nbd2 Nxg3 13. hxg3 d5 14. Qb3 Qd6
15. Rfc1 Nc6 16. Rc5 e5 17. Rxd5 Qe7 18. Bc4 a6 19. Qa3 exd4 20. Nxd4 Qxa3 21.
bxa3 Be6 22. Rd6 Nxd4 23. exd4 Rfd8 24. Rxd8+ Rxd8 25. Bxe6 fxe6 26. Nb3 Rc8
27. Rd1 b6 28. g4 Bf8 29. a4 Rc4 30. a5 bxa5 31. Nxa5 Rc2 32. a4 Kf7 33. Nb7
Rc4 34. a5 Kf6 35. Kf1 Bb4 36. Nc5 Bxc5 37. dxc5 Rxc5 38. Ra1 Rc4 39. f3 Rc2
40. Kg1 Ke5 41. Kh2 Rc5 42. Kg3 Kf6 1/2-1/2

[Event "Xtracon Chess Open 2016"]
[Site "Elsinore"]
[Date "2016.07.26"]
[Round "5.2"]
[White "Rasmussen, Allan Stig"]
[Black "Agdestein, Simen"]
[Result "1/2-1/2"]
[WhiteElo "2504"]
[BlackElo "2603"]
[PlyCount "76"]
[EventDate "2016.07.23"]

1. Nf3 Nf6 2. c4 b6 3. g3 c5 4. Bg2 Bb7 5. O-O g6 6. Nc3 Bg7 7. d4 cxd4 8. Qxd4
d6 9. Rd1 Nbd7 10. Be3 O-O 11. Qh4 Qc7 12. Rac1 Rfc8 13. b3 Qd8 14. g4 a6 15.
Bh3 b5 16. g5 Ne8 17. c5 Bxf3 18. Bxd7 Qxd7 19. exf3 e6 20. Ne4 d5 21. Nf6+
Bxf6 22. gxf6 Rc6 23. f4 Qd8 24. Bd4 Ng7 25. Qh3 Nf5 26. Qc3 Qb8 27. Be5 b4 28.
Bxb8 bxc3 29. Be5 Rxc5 30. Rxc3 Rxc3 31. Bxc3 Rc8 32. Rc1 Nd4 33. Kf1 Nb5 34.
Bb2 Rxc1+ 35. Bxc1 Kf8 36. Ke2 Ke8 37. Kd3 Kd7 38. Be3 Kc6 1/2-1/2

[Event "Xtracon Chess Open 2016"]
[Site "Elsinore"]
[Date "2016.07.26"]
[Round "5.3"]
[White "Gretarsson, Hjorvar Steinn"]
[Black "Zude, Erik"]
[Result "0-1"]
[WhiteElo "2550"]
[BlackElo "2403"]
[PlyCount "120"]
[EventDate "2016.07.23"]

1. d4 Nf6 2. c4 g6 3. g3 Bg7 4. Bg2 O-O 5. Nf3 d5 6. O-O dxc4 7. Na3 c3 8. bxc3
c5 9. e3 Nc6 10. Qe2 Qa5 11. Bb2 Nd5 12. Rac1 Nb6 13. Nd2 Na4 14. Nb3 Qc7 15.
Ba1 a6 16. Rfd1 Rd8 17. d5 Na7 18. f4 e6 19. c4 Bxa1 20. Nxa1 Rb8 21. e4 b5 22.
e5 exd5 23. cxd5 c4 24. Nb1 Bb7 25. Qf2 Nc8 26. Nc3 Nxc3 27. Rxc3 Qb6 28. Nc2
Qxf2+ 29. Kxf2 Nb6 30. d6 Na4 31. Re3 Nb2 32. Rb1 Nd3+ 33. Kf1 Bxg2+ 34. Kxg2
b4 35. Nd4 Rb6 36. Re2 a5 37. Rc2 c3 38. Kf3 Nb2 39. Ke2 Nc4 40. Re1 a4 41. h4
Rc8 42. Kd3 Nb2+ 43. Ke4 Nc4 44. Kd3 Rb7 45. Rec1 Rc5 46. Re2 Kf8 47. g4 Ke8
48. Ree1 Kd7 49. g5 Rb8 50. e6+ fxe6 51. Rxe6 Nxd6 52. Rce1 Rd5 53. Re7+ Kd8
54. R7e5 Rbb5 55. Rxd5 Rxd5 56. Re5 c2 57. Rxd5 c1=Q 58. Rxd6+ Ke7 59. Re6+ Kd7
60. f5 Qc3+ 0-1

[Event "Xtracon Chess Open 2016"]
[Site "Elsinore"]
[Date "2016.07.26"]
[Round "5.5"]
[White "Schroeder, Jan-Christian"]
[Black "Shirov, Alexei"]
[Result "1/2-1/2"]
[WhiteElo "2507"]
[BlackElo "2674"]
[PlyCount "79"]
[EventDate "2016.07.23"]

1. e4 e5 2. Nf3 Nc6 3. Bc4 Bc5 4. c3 Nf6 5. d3 O-O 6. O-O d5 7. exd5 Nxd5 8. a4
a6 9. Nbd2 Nb6 10. Ba2 Qxd3 11. a5 Nd7 12. Bb1 Qd6 13. Ng5 Nf6 14. Qc2 g6 15.
Nge4 Bf5 16. Nxd6 Bxc2 17. Nxb7 Bxb1 18. Nxc5 Bc2 19. Nc4 Ne4 20. Nxe4 Bxe4 21.
Re1 f5 22. f3 Bc2 23. Nxe5 Rfe8 24. Bf4 Nxe5 25. Bxe5 c5 26. Rac1 Ba4 27. c4
Kf7 28. Kf1 Rad8 29. Rc3 Rd2 30. b3 Bd7 31. Ree3 Ra2 32. Rcd3 Be6 33. Bc7 g5
34. Re5 Ra1+ 35. Kf2 Ra2+ 36. Kf1 Ra1+ 37. Ke2 Ra2+ 38. Kd1 Rxg2 39. Rxc5 f4
40. Kc1 1/2-1/2

[Event "Xtracon Chess Open 2016"]
[Site "Elsinore"]
[Date "2016.07.26"]
[Round "5.6"]
[White "Dreev, Aleksey"]
[Black "Ringoir, Tanguy"]
[Result "1-0"]
[WhiteElo "2664"]
[BlackElo "2474"]
[PlyCount "63"]
[EventDate "2016.07.23"]

1. d4 f5 2. c4 Nf6 3. Nc3 e6 4. e3 b6 5. Be2 Bb7 6. Bf3 Bxf3 7. Nxf3 Bb4 8. Bd2
O-O 9. O-O Qe7 10. Rc1 Bxc3 11. Bxc3 Ne4 12. c5 bxc5 13. dxc5 Nc6 14. Nd4 Nxc3
15. Rxc3 Nb4 16. c6 d6 17. Rb3 a5 18. a3 Na6 19. Rb5 Nc5 20. b4 axb4 21. axb4
Ne4 22. Rb7 d5 23. b5 f4 24. exf4 Rxf4 25. Rxc7 Qxc7 26. Nxe6 Qd6 27. Nxf4 Qxf4
28. Qxd5+ Kh8 29. c7 Rf8 30. Qd8 Nxf2 31. Qxf8+ Qxf8 32. Rc1 1-0

[Event "Xtracon Chess Open 2016"]
[Site "Elsinore"]
[Date "2016.07.26"]
[Round "5.7"]
[White "Sipila, Vilka"]
[Black "Amin, Bassem"]
[Result "0-1"]
[WhiteElo "2458"]
[BlackElo "2654"]
[PlyCount "98"]
[EventDate "2016.07.23"]

1. e4 e5 2. Nf3 Nc6 3. d4 exd4 4. Nxd4 Nf6 5. Nxc6 bxc6 6. e5 Qe7 7. Qe2 Nd5 8.
c4 Ba6 9. Nd2 g6 10. Nf3 Bg7 11. Bg5 f6 12. exf6 Qxe2+ 13. Bxe2 Nxf6 14. O-O-O
O-O-O 15. Be3 Rde8 16. Bd3 d6 17. c5 Bxd3 18. Rxd3 Nd5 19. cxd6 cxd6 20. Bxa7
Kd7 21. Rb3 Kc7 22. Kb1 Re2 23. Rd1 Ra8 24. Bd4 Bxd4 25. Nxd4 Rxf2 26. Re1 c5
27. Nb5+ Kc6 28. Rd1 Ra5 29. Na3 Rxg2 30. Rh3 Ra4 31. Nc2 Rf4 32. Ne1 Re2 33.
Rhd3 Rf5 34. h3 c4 35. Rd4 Kc5 36. Nc2 Rxc2 37. Kxc2 Ne3+ 38. Kc1 Nxd1 39. Rxd1
Rf2 40. Re1 Rh2 41. Re3 d5 42. Rg3 d4 43. Rg5+ Kc6 44. Rg3 Kd5 45. a4 d3 46.
Rg5+ Kd4 47. Rg3 c3 48. Rg4+ Ke3 49. Rc4 Rh1# 0-1

[Event "Xtracon Chess Open 2016"]
[Site "Elsinore"]
[Date "2016.07.26"]
[Round "5.8"]
[White "Hammer, Jon Ludvig"]
[Black "Carlstedt, Jonathan"]
[Result "0-1"]
[WhiteElo "2652"]
[BlackElo "2457"]
[PlyCount "58"]
[EventDate "2016.07.23"]

1. c4 c6 2. d4 d5 3. Nf3 Nf6 4. Nc3 e6 5. e3 Nbd7 6. Qc2 Bd6 7. b3 O-O 8. Be2
Re8 9. O-O dxc4 10. bxc4 e5 11. Rd1 Qe7 12. c5 Bc7 13. Bc4 h6 14. Nh4 Ng4 15.
g3 Nf8 16. h3 Nf6 17. Nf5 Bxf5 18. Qxf5 Qd7 19. Qxd7 N8xd7 20. Rb1 exd4 21.
Rxb7 dxc3 22. Rxc7 Red8 23. Rd3 Rab8 24. Rxc3 Rb1 25. Kf1 Ne5 26. Ke2 Ne4 27.
Rd3 Nxd3 28. Bxd3 Nc3+ 29. Kd2 Nxa2 0-1

[Event "Xtracon Chess Open 2016"]
[Site "Elsinore"]
[Date "2016.07.26"]
[Round "5.9"]
[White "Naroditsky, Daniel"]
[Black "Goh, Wei Ming Kevin"]
[Result "1/2-1/2"]
[WhiteElo "2634"]
[BlackElo "2435"]
[PlyCount "66"]
[EventDate "2016.07.23"]

1. e4 e6 2. d4 d5 3. Nc3 Bb4 4. e5 c5 5. a3 Bxc3+ 6. bxc3 Ne7 7. Qg4 cxd4 8.
Qxg7 Rg8 9. Qxh7 Qc7 10. Ne2 Nbc6 11. f4 dxc3 12. h4 Bd7 13. h5 O-O-O 14. Qd3
d4 15. h6 Be8 16. h7 Rh8 17. Ng3 f6 18. exf6 Nd5 19. Ne4 Bg6 20. Nd6+ Qxd6 21.
Qxg6 Nxf4 22. Qg5 e5 23. Bxf4 exf4 24. Bd3 f3 25. O-O Ne5 26. Qf5+ Kb8 27. Rxf3
Rxh7 28. Qxe5 Qxe5 29. Bxh7 d3 30. Bxd3 Qd4+ 31. Kf1 Rh8 32. f7 Rh1+ 33. Ke2
Qe5+ 1/2-1/2

[Event "Xtracon Chess Open 2016"]
[Site "Elsinore"]
[Date "2016.07.26"]
[Round "5.10"]
[White "Ochsner, Bjorn Moller"]
[Black "Maze, Sebastien"]
[Result "0-1"]
[WhiteElo "2417"]
[BlackElo "2628"]
[PlyCount "126"]
[EventDate "2016.07.23"]

1. d4 Nf6 2. c4 g6 3. Nc3 Bg7 4. e4 d6 5. Nf3 O-O 6. Be2 Na6 7. O-O e5 8. Be3
c6 9. d5 Ng4 10. Bg5 f6 11. Bh4 c5 12. Ne1 h5 13. a3 Bd7 14. Nc2 Nh6 15. f3 Nf7
16. Bd3 Bh6 17. Qe2 Kg7 18. Ne3 Qe7 19. Rab1 b6 20. Bc2 Rae8 21. Ba4 Bxa4 22.
Nxa4 Qd7 23. Nc3 f5 24. exf5 gxf5 25. Bf2 Nh8 26. Qc2 Ng6 27. b4 Rf7 28. Nb5 f4
29. Nd1 e4 30. fxe4 Ne5 31. bxc5 bxc5 32. Kh1 Kh7 33. Nb2 Rg8 34. Nd3 f3 35.
Bg3 fxg2+ 36. Qxg2 Nxd3 37. Rxf7+ Qxf7 38. Nxd6 Qf6 39. Rb7+ Rg7 40. e5 Rxb7
41. Qe4+ Qg6 42. Qxg6+ Kxg6 43. Nxb7 h4 44. Bxh4 Nxe5 45. Bf2 Nxc4 46. d6 Ne5
47. Nxc5 Nxc5 48. Bxc5 a6 49. Kg2 Kf5 50. Kf1 Ke6 51. Ke2 Nc4 52. Kd3 Nxd6 53.
Bb4 Kd5 54. Bc3 Ne4 55. Be1 Nc5+ 56. Kc2 Kc4 57. Bd2 Bg7 58. h4 Nb3 59. Bf4
Nd4+ 60. Kb1 Kb3 61. h5 Nb5 62. h6 Bb2 63. a4 Na3# 0-1

[Event "Xtracon Chess Open 2016"]
[Site "Elsinore"]
[Date "2016.07.26"]
[Round "5.12"]
[White "Vorobiov, Evgeny E"]
[Black "Haria, Ravi"]
[Result "1/2-1/2"]
[WhiteElo "2584"]
[BlackElo "2394"]
[PlyCount "113"]
[EventDate "2016.07.23"]

1. Nf3 Nf6 2. g3 e6 3. Bg2 d5 4. O-O Be7 5. d3 c5 6. Nbd2 Nc6 7. e4 b6 8. Re1
Bb7 9. c3 Qc7 10. Nf1 b5 11. Bf4 Qb6 12. Qe2 a5 13. a4 b4 14. Ne3 O-O 15. exd5
Nxd5 16. Nxd5 exd5 17. Bg5 Rfe8 18. Nh4 h6 19. Bxe7 Nxe7 20. Qh5 Qf6 21. Re5
bxc3 22. bxc3 Ng6 23. Rxe8+ Rxe8 24. Rb1 Nxh4 25. Qxh4 Qxh4 26. gxh4 Ba6 27.
Bxd5 Bxd3 28. Rb7 Re1+ 29. Kg2 Be4+ 30. Bxe4 Rxe4 31. Rb5 Rxh4 32. Rxa5 Rc4 33.
Rb5 Rxc3 34. a5 c4 35. Rb4 Ra3 36. Rxc4 Rxa5 37. h3 Kh7 38. Rc6 f6 39. Rc7 Kg6
40. Rb7 Rg5+ 41. Kf3 Kh5 42. Rb4 Ra5 43. Kg3 f5 44. Rh4+ Kg5 45. Rb4 Ra3+ 46.
f3 Ra1 47. h4+ Kh5 48. Rf4 Ra5 49. Rb4 Ra2 50. Rb5 g6 51. Rb4 g5 52. hxg5 hxg5
53. Rb8 f4+ 54. Kh3 Rf2 55. Rh8+ Kg6 56. Rg8+ Kf6 57. Rxg5 1/2-1/2

[Event "Xtracon Chess Open 2016"]
[Site "Elsinore"]
[Date "2016.07.26"]
[Round "5.13"]
[White "Jensson, Einar Hjalti"]
[Black "Brunello, Sabino"]
[Result "0-1"]
[WhiteElo "2371"]
[BlackElo "2567"]
[PlyCount "40"]
[EventDate "2016.07.23"]

1. e4 c6 2. d4 d5 3. exd5 cxd5 4. Bd3 Nc6 5. c3 Qc7 6. Ne2 Bg4 7. h3 Bh5 8. Qb3
e6 9. Bf4 Bd6 10. Bxd6 Qxd6 11. Qxb7 Rb8 12. Qa6 Rxb2 13. Nf4 Qxf4 14. Qxc6+
Ke7 15. O-O Kf6 16. Na3 Ne7 17. Qd7 Rd2 18. Ba6 Nf5 19. g3 Qd6 20. Qxa7 Bf3 0-1

[Event "Xtracon Chess Open 2016"]
[Site "Elsinore"]
[Date "2016.07.26"]
[Round "5.15"]
[White "Hoi, Carsten"]
[Black "Svane, Rasmus"]
[Result "0-1"]
[WhiteElo "2386"]
[BlackElo "2549"]
[PlyCount "80"]
[EventDate "2016.07.23"]

1. d4 Nf6 2. c4 e6 3. Nc3 Bb4 4. Bg5 c5 5. d5 exd5 6. cxd5 d6 7. e3 Nbd7 8. Bd3
Qa5 9. Nge2 Nxd5 10. O-O Bxc3 11. bxc3 c4 12. Bc2 O-O 13. Bh4 Nxc3 14. Nxc3
Qxc3 15. Rc1 Qe5 16. f4 Qc5 17. Kh1 Re8 18. e4 b5 19. Bf2 Qc7 20. Bd4 Bb7 21.
Qg4 f6 22. Rce1 Re7 23. e5 dxe5 24. Qh4 e4 25. Re3 Nf8 26. f5 Qd6 27. Rd1 Qc6
28. Rde1 Qd6 29. Rd1 Rf7 30. h3 a5 31. Rg3 Rd8 32. Be3 Qe7 33. Rf1 Rd5 34. Bd1
Qd6 35. Bh5 Re7 36. Rf4 c3 37. Rfg4 c2 38. Bh6 c1=Q+ 39. Bxc1 Rd1+ 40. Kh2 Rxc1
0-1

[Event "Xtracon Chess Open 2016"]
[Site "Elsinore"]
[Date "2016.07.26"]
[Round "5.16"]
[White "Andersen, Mads"]
[Black "Skovgaard, Ib"]
[Result "1-0"]
[WhiteElo "2525"]
[BlackElo "1972"]
[PlyCount "57"]
[EventDate "2016.07.23"]

1. c4 c6 2. Nf3 d5 3. e3 Nf6 4. Nc3 e6 5. b3 Nbd7 6. Qc2 Be7 7. Bb2 O-O 8. d4
Re8 9. Bd3 c5 10. cxd5 exd5 11. O-O cxd4 12. Nxd4 Ne5 13. Rfd1 Bg4 14. Be2 Rc8
15. Bxg4 Nexg4 16. h3 Ne4 17. hxg4 Bb4 18. Rd3 Qc7 19. Rc1 Qe5 20. Qe2 Bxc3 21.
Bxc3 f5 22. Bb2 Rxc1+ 23. Bxc1 Rc8 24. Bb2 fxg4 25. Qxg4 Qc7 26. Nf5 Rf8 27.
Bxg7 Qc1+ 28. Rd1 Nxf2 29. Nh6# 1-0

[Event "Xtracon Chess Open 2016"]
[Site "Elsinore"]
[Date "2016.07.26"]
[Round "5.17"]
[White "Percivaldi, Martin"]
[Black "Schandorff, Lars"]
[Result "1/2-1/2"]
[WhiteElo "2347"]
[BlackElo "2521"]
[PlyCount "51"]
[EventDate "2016.07.23"]

1. Nf3 d5 2. g3 Nf6 3. Bg2 e6 4. c4 Be7 5. d4 O-O 6. O-O c6 7. Qc2 b6 8. Nbd2
Bb7 9. e4 Na6 10. e5 Nd7 11. a3 c5 12. cxd5 exd5 13. Re1 Nc7 14. Nf1 Ne6 15.
Ne3 cxd4 16. Nf5 Rc8 17. Qd1 Ndc5 18. N3xd4 Nxd4 19. Nxd4 Qd7 20. Bf4 Rfe8 21.
Qh5 g6 22. Qh6 Bf8 23. Qh4 Be7 24. Qh6 Bf8 25. Qh4 Be7 26. Qh6 1/2-1/2

[Event "Xtracon Chess Open 2016"]
[Site "Elsinore"]
[Date "2016.07.26"]
[Round "5.18"]
[White "Aabling Thomsen, Jakob"]
[Black "Delorme, Axel"]
[Result "1-0"]
[WhiteElo "2344"]
[BlackElo "2514"]
[PlyCount "93"]
[EventDate "2016.07.23"]

1. Nf3 d5 2. g3 Nc6 3. Bg2 e5 4. d3 g6 5. O-O Bg7 6. e4 Nge7 7. Nc3 dxe4 8.
dxe4 Qxd1 9. Rxd1 Bg4 10. Nb5 Rc8 11. c3 h6 12. h3 Be6 13. b3 f5 14. Bb2 a6 15.
Na3 O-O 16. Nc2 Rf7 17. Ne3 Rcf8 18. Nd2 f4 19. Nd5 Nc8 20. Ba3 Re8 21. g4 Nd8
22. Nf3 a5 23. c4 Nc6 24. Rd2 Nd4 25. Rad1 c6 26. Nc3 b6 27. c5 b5 28. Bb2
Nxf3+ 29. Bxf3 Rc7 30. Ne2 Kf7 31. Nc1 Na7 32. Rd8 Rxd8 33. Rxd8 Bc8 34. Be2
Bf6 35. Rd6 g5 36. a3 Rd7 37. Rxd7+ Bxd7 38. Bc3 a4 39. bxa4 bxa4 40. Bd1 Nb5
41. Bb2 Nd4 42. Bxa4 h5 43. Bxd4 exd4 44. Bb3+ Ke8 45. f3 Bd8 46. Bc4 hxg4 47.
hxg4 1-0

[Event "Xtracon Chess Open 2016"]
[Site "Elsinore"]
[Date "2016.07.26"]
[Round "5.19"]
[White "Marin, Mihail"]
[Black "Bach, Matthias"]
[Result "1-0"]
[WhiteElo "2576"]
[BlackElo "2296"]
[PlyCount "79"]
[EventDate "2016.07.23"]

1. c4 d6 2. Nc3 Nd7 3. d4 c5 4. d5 e5 5. e4 g6 6. Bd3 Bg7 7. Be3 a6 8. Qd2 h5
9. f3 Bh6 10. Nh3 Bxe3 11. Qxe3 h4 12. Nf2 Ngf6 13. a4 Nh5 14. g3 Qf6 15. Rg1
Nf8 16. a5 Bd7 17. Kd2 Nh7 18. Be2 Qe7 19. f4 N7f6 20. Nd3 exf4 21. gxf4 Ng7
22. e5 Nf5 23. Qf2 Ng8 24. exd6 Nxd6 25. Nxc5 Nf6 26. Bd3 O-O-O 27. Rge1 Qf8
28. Nxd7 Rxd7 29. c5 Nf5 30. c6 Rxd5 31. cxb7+ Kb8 32. Nxd5 Nxd5 33. Bxf5 Qb4+
34. Kc2 gxf5 35. Qd2 Qxb7 36. Kb1 Rc8 37. Ra3 Rc5 38. Rd3 Rb5 39. Rd1 Nf6 40.
Rd8+ 1-0

[Event "Xtracon Chess Open 2016"]
[Site "Elsinore"]
[Date "2016.07.26"]
[Round "5.20"]
[White "Jorgensen, Dennis"]
[Black "Zuniga, Julio E Granda"]
[Result "0-1"]
[WhiteElo "2215"]
[BlackElo "2699"]
[PlyCount "90"]
[EventDate "2016.07.23"]

1. d4 d5 2. c4 dxc4 3. Nf3 a6 4. e3 Bg4 5. Bxc4 e6 6. Nbd2 Nc6 7. h3 Bh5 8. O-O
Nf6 9. Be2 Be7 10. b3 O-O 11. Bb2 Nd5 12. Rc1 Bg6 13. Nc4 f6 14. a3 a5 15. Bd3
Qe8 16. Qc2 Bxd3 17. Qxd3 Qg6 18. Qxg6 hxg6 19. Rfd1 Rfd8 20. Kf1 Rd7 21. Ne1
g5 22. Nd3 Kf7 23. Ke2 Nb6 24. Nd2 Na7 25. Ne4 c6 26. Nec5 Rc7 27. f4 gxf4 28.
Nxf4 Bxc5 29. Rxc5 a4 30. b4 Nb5 31. Rdc1 Re7 32. Nd3 Rh8 33. Rf1 Ke8 34. Rc2
Kd8 35. Rf3 Kc8 36. Rc1 Kb8 37. Nc5 Ka7 38. Rc2 Rh4 39. Rg3 Nd6 40. Rg6 Nd5 41.
Nxa4 Re4 42. Rg4 Rxe3+ 43. Kf2 Ne4+ 44. Kg1 Re1+ 45. Kh2 Ne3 0-1

[Event "Xtracon Chess Open 2016"]
[Site "Elsinore"]
[Date "2016.07.26"]
[Round "5.21"]
[White "Akdag, Dara Sevkan"]
[Black "Degraeve, Jean-Marc"]
[Result "0-1"]
[WhiteElo "2213"]
[BlackElo "2579"]
[PlyCount "74"]
[EventDate "2016.07.23"]

1. Nf3 c5 2. c4 Nc6 3. Nc3 g6 4. g3 Bg7 5. Bg2 d6 6. O-O e5 7. a3 Nge7 8. Rb1
a5 9. Ne1 Be6 10. d3 O-O 11. Nc2 Rb8 12. Ne3 Nd4 13. Ned5 Nxd5 14. Nxd5 Bg4 15.
Re1 b5 16. cxb5 Rxb5 17. b4 cxb4 18. axb4 Be6 19. e3 Bxd5 20. Bxd5 Rxd5 21.
exd4 Rxd4 22. b5 Qd7 23. Be3 Rb4 24. Rxb4 axb4 25. Qa4 Rb8 26. Rc1 h5 27. Rc6
b3 28. Bc1 e4 29. d4 h4 30. Ba3 h3 31. Kf1 Qf5 32. Qxb3 Rxb5 33. Qe3 Rb1+ 34.
Rc1 Rxc1+ 35. Bxc1 Qb5+ 36. Ke1 Qb4+ 37. Ke2 Qc4+ 0-1